Distribuce efektu mezinárodního obchodu v globalizovaném světe
Medzinárodný obchod a teória komparatívnych výhod. Modelová komparácia a dedukcia, ktorá je cielená na nájdenie niektorých všeobecných príčin nerovnomernej distribúcie efektov medzinárodného obchodu. Analýza modelov, dokazujúcich tento fenomén pre postkomunistické krajiny transformujúce svoje ekono...
Salvato in:
| Autore principale: | |
|---|---|
| Natura: | Capitolo di libro |
| Lingua: | ceco |
| Soggetti: | |
| Tags: |
Nessun Tag, puoi essere il primo ad aggiungerne!!
|
MARC
| LEADER | 00000naa$a2200000$$$4500 | ||
|---|---|---|---|
| 001 | 0054185 | ||
| 005 | 20220713131036.2 | ||
| 041 | 0 | |a cze | |
| 044 | |a CZ | ||
| 245 | 1 | 0 | |a Distribuce efektu mezinárodního obchodu v globalizovaném světe |c Otakar Turek |
| 520 | |a Medzinárodný obchod a teória komparatívnych výhod. Modelová komparácia a dedukcia, ktorá je cielená na nájdenie niektorých všeobecných príčin nerovnomernej distribúcie efektov medzinárodného obchodu. Analýza modelov, dokazujúcich tento fenomén pre postkomunistické krajiny transformujúce svoje ekonomiky na trhové. | ||
| 610 | 2 | 0 | |a výhody konkurenčné |
| 610 | 2 | 0 | |a výhody komparatívne |
| 610 | 2 | 0 | |a obchod medzinárodný |
| 610 | 2 | 0 | |a kurz menový |
| 610 | 2 | 0 | |a efektívnosť ekonomická |
| 610 | 2 | 0 | |a mzdy reálne |
| 610 | 2 | 0 | |a hladina cenová |
| 610 | 2 | 0 | |a produktivita |
| 100 | 1 | |a Turek, Otakar | |